[Event "Rated Blitz game"]
[Site "?"]
[Date "2021.04.28"]
[Round "?"]
[White "KoronaVirusMaster"]
[Black "Trompatzer"]
[Result "1-0"]
[WhiteElo "2420"]
[BlackElo "2403"]
[PlyCount "139"]
[EventDate "2021.??.??"]
[EventType "blitz"]

1. e4 e5 2. Nf3 d5 3. exd5 Bd6 4. Bb5+ c6 5. dxc6 Nxc6 6. d4 e4 7. Ne5 Nge7 8.
Nxc6 bxc6 9. Be2 O-O 10. c3 f5 11. f4 Qe8 12. g3 Rb8 13. Nd2 Be6 14. Nc4 Bxc4
15. Bxc4+ Kh8 16. O-O Nd5 17. Bb3 e3 18. Qe2 Nf6 19. Qxe3 Qxe3+ 20. Bxe3 Rfe8
21. Rfe1 h6 22. Bf2 a5 23. Rxe8+ Nxe8 24. Re1 Nf6 25. Re2 Ne4 26. Bc4 g5 27.
fxg5 hxg5 28. Bd3 Nxf2 29. Kxf2 f4 30. gxf4 Bxf4 31. Kf3 Bc1 32. b3 Kg7 33. Kg4
Rh8 34. h3 Rh4+ 35. Kg3 Rf4 36. Be4 Ba3 37. Bxc6 Bd6 38. Kg2 Kf6 39. Bf3 Ba3
40. Bg4 Bc1 41. Re6+ Kf7 42. Ra6 Bb2 43. Rc6 Re4 44. Kf3 Rf4+ 45. Ke2 Re4+ 46.
Kd3 Rf4 47. d5 Rf1 48. Rc7+ Ke8 49. Be6 Rc1 50. c4 Rc3+ 51. Ke4 Rc2 52. d6 Re2+
53. Kd5 Re5+ 54. Kc6 Rxe6 55. c5 Ba3 56. Ra7 Rg6 57. Rxa5 Bb4 58. Rb5 Bd2 59.
Rb8+ Kf7 60. Kd5 Rh6 61. d7 Ba5 62. d8=Q Bxd8 63. Rxd8 Rxh3 64. Kc4 g4 65. c6
Rh2 66. Kb5 g3 67. Rd3 Rh5+ 68. Kb6 Rg5 69. c7 g2 70. Rd1 {Normal} 1-0

[Event "Rated Blitz game"]
[Site "?"]
[Date "2021.04.27"]
[Round "?"]
[White "skulas"]
[Black "annaly1979"]
[Result "1-0"]
[WhiteElo "2441"]
[BlackElo "2432"]
[PlyCount "79"]
[EventDate "2021.??.??"]
[EventType "blitz"]

1. e4 e5 2. Nf3 d5 3. Nxe5 Qe7 4. d4 f6 5. Ng4 Nc6 6. Ne3 Qxe4 7. c3 Nge7 8.
Bd3 Qh4 9. Nd2 Bd7 10. Nf3 Qh5 11. O-O Ng6 12. Re1 O-O-O 13. Nf1 Bd6 14. Ng3
Bxg3 15. hxg3 Rhe8 16. Be3 Bg4 17. Be2 Rxe3 18. fxe3 Re8 19. Kf2 Nge7 20. Rh1
Qf7 21. b4 h5 22. Bd3 g5 23. Qa4 Kb8 24. b5 Nd8 25. Rae1 Nc8 26. Qc2 Nd6 27.
Rhf1 Ne4+ 28. Bxe4 dxe4 29. Nd2 f5 30. Kg1 h4 31. Nxe4 hxg3 32. Nxg3 Qd5 33. e4
fxe4 34. Rxe4 Qd7 35. Rxe8 Qxe8 36. Qe4 Qd7 37. Rf8 Kc8 38. Qe8 Qd6 39. Ne4 Qd5
40. Nf6 {Normal} 1-0

[Event "Rated Blitz game"]
[Site "?"]
[Date "2021.04.27"]
[Round "?"]
[White "gmftorres1"]
[Black "AsianLion"]
[Result "0-1"]
[WhiteElo "2500"]
[BlackElo "2561"]
[PlyCount "122"]
[EventDate "2021.??.??"]
[EventType "blitz"]

1. e4 e5 2. Nf3 d5 3. Nxe5 Bd6 4. d4 dxe4 5. Nc4 Nf6 6. Nc3 Bb4 7. Be2 O-O 8.
O-O Nbd7 9. Bg5 h6 10. Bh4 g5 11. Bg3 Nb6 12. Ne5 Bxc3 13. bxc3 Nfd5 14. Qd2 f6
15. Nc4 Na4 16. Ne3 Ndxc3 17. Bc4+ Kg7 18. Bb3 b5 19. Kh1 b4 20. Bxa4 Nxa4 21.
Qxb4 Nb6 22. c4 Be6 23. d5 Bf7 24. a4 a5 25. Qc5 Nd7 26. Qd4 Bg6 27. Rab1 Rb8
28. Rb5 h5 29. h4 Kh7 30. Rfb1 Rxb5 31. axb5 f5 32. Bxc7 Qxc7 33. d6 Qc5 34.
Qxc5 Nxc5 35. Nd5 Rd8 36. b6 Nb7 37. c5 Nxc5 38. b7 Rb8 39. Nf6+ Kh6 40. d7
Nxb7 41. Rxb7 Rd8 42. Ra7 gxh4 43. Kh2 Kg5 44. Nd5 Bf7 45. Nb6 Be6 46. Rxa5 Kf6
47. Ra7 Ke7 48. Ra5 Kf6 49. Rc5 Bxd7 50. Rd5 Ke6 51. Rd4 Ke7 52. Nd5+ Ke6 53.
Nf4+ Ke5 54. Ne2 f4 55. Ra4 Bxa4 56. Nc3 Bc6 57. Kh3 Rd2 58. f3 e3 59. Na4 Rc2
60. Nc3 Rc1 61. Ne2 Rh1# {Normal} 0-1

[Event "Rated Blitz game"]
[Site "?"]
[Date "2021.04.27"]
[Round "?"]
[White "Tristan0f"]
[Black "VVV-31"]
[Result "1-0"]
[WhiteElo "2401"]
[BlackElo "2260"]
[PlyCount "35"]
[EventDate "2021.??.??"]
[EventType "blitz"]

1. e4 e5 2. Nf3 d5 3. exd5 Bd6 4. d4 e4 5. Ne5 Nf6 6. Bb5+ c6 7. dxc6 bxc6 8.
Nxc6 Nxc6 9. Bxc6+ Bd7 10. Bxa8 Qxa8 11. Be3 O-O 12. c4 Qb8 13. Qd2 Bxh2 14.
Nc3 Bc7 15. O-O-O Ba5 16. Bg5 Ne8 17. Qf4 f6 18. Qxb8 {Normal} 1-0

[Event "Rated Blitz game"]
[Site "?"]
[Date "2021.04.27"]
[Round "?"]
[White "Putin_na_Rossii"]
[Black "annaly1979"]
[Result "1-0"]
[WhiteElo "2469"]
[BlackElo "2396"]
[PlyCount "73"]
[EventDate "2021.??.??"]
[EventType "blitz"]

1. e4 e5 2. Nf3 d5 3. d4 dxe4 4. Nxe5 Bd6 5. Bc4 Bxe5 6. dxe5 Qxd1+ 7. Kxd1 Nc6
8. Bf4 Nge7 9. Nc3 Ng6 10. Bg3 Ngxe5 11. Bb5 f5 12. Bxe5 Bd7 13. Bxc6 Bxc6 14.
Bxc7 O-O 15. Bf4 h6 16. h4 Rad8+ 17. Ke2 b5 18. Rhd1 b4 19. Rxd8 Rxd8 20. Nd1
Bb5+ 21. Ke1 Kf7 22. Ne3 Ke6 23. Rd1 Rxd1+ 24. Kxd1 a5 25. c4 bxc3 26. bxc3 Ba6
27. Kc2 a4 28. Kb2 Bb7 29. Ka3 Bc6 30. Kb4 Kf6 31. Kc5 Bd7 32. Kd6 Bb5 33. c4
Be8 34. c5 g5 35. c6 gxf4 36. c7 fxe3 37. fxe3 {Normal} 1-0

[Event "Rated Blitz game"]
[Site "?"]
[Date "2021.04.27"]
[Round "?"]
[White "Pmrsoea"]
[Black "KamranShirazi"]
[Result "0-1"]
[WhiteElo "2498"]
[BlackElo "2547"]
[PlyCount "54"]
[EventDate "2021.??.??"]
[EventType "blitz"]

1. e4 e5 2. Nf3 d5 3. d4 dxe4 4. Nxe5 Nd7 5. Nxf7 Kxf7 6. Qh5+ g6 7. Bc4+ Kg7
8. Qd5 Qe8 9. O-O Nb6 10. Qb5 Bd7 11. Qb3 Nxc4 12. Qxc4 Bb5 13. Qxc7+ Qe7 14.
Qxe7+ Nxe7 15. Re1 Rc8 16. Nc3 Bc6 17. Bg5 h6 18. Bf4 Nd5 19. Be5+ Nf6 20. d5
Bd7 21. Nxe4 Be7 22. d6 Bd8 23. Bc3 Re8 24. Nxf6 Bxf6 25. Bxf6+ Kxf6 26. c3
Rxe1+ 27. Rxe1 Rc6 {Normal} 0-1

[Event "Rated Blitz tournament u5esGaGc"]
[Site "?"]
[Date "2021.04.27"]
[Round "?"]
[White "ainurr637"]
[Black "om_gendut"]
[Result "0-1"]
[WhiteElo "2249"]
[BlackElo "2488"]
[PlyCount "84"]
[EventDate "2021.??.??"]
[EventType "blitz"]

1. e4 e5 2. Nf3 d5 3. Nxe5 Bd6 4. d4 dxe4 5. Nc4 Be7 6. Nc3 Nf6 7. Be2 Bf5 8.
Ne3 Bg6 9. O-O O-O 10. f4 exf3 11. Bxf3 c6 12. Ne2 Bd6 13. c3 Nbd7 14. Nc4 Bc7
15. Bf4 Nb6 16. Ne5 Nbd5 17. Bg3 Ne3 18. Qd2 Nxf1 19. Rxf1 Re8 20. Nxg6 hxg6
21. Bxc7 Qxc7 22. Ng3 Qe7 23. Kh1 Qe3 24. Qc2 Rad8 25. Qb3 Qe7 26. h3 Nd5 27.
Ne4 f5 28. Nc5 b6 29. Nd3 Kh7 30. Ne5 Qe6 31. c4 Nf6 32. Qc3 c5 33. Nc6 cxd4
34. Nxd8 Rxd8 35. Qd3 Ne4 36. Kg1 Nc5 37. Qe2 Qe3+ 38. Kh1 Qxe2 39. Bxe2 Ne4
40. Kh2 d3 41. Bf3 Nd2 42. Bd5 Nxf1+ {Normal} 0-1

[Event "Rated Blitz tournament 0mUODDG5"]
[Site "?"]
[Date "2021.04.27"]
[Round "?"]
[White "swimmerchess"]
[Black "YSA_kbpl"]
[Result "1-0"]
[WhiteElo "2718"]
[BlackElo "2302"]
[PlyCount "115"]
[EventDate "2021.??.??"]
[EventType "blitz"]

1. e4 e5 2. Nf3 d5 3. exd5 e4 4. Qe2 Nf6 5. d3 Bb4+ 6. Nfd2 O-O 7. c3 exd3 8.
Qxd3 Re8+ 9. Be2 Bc5 10. Nb3 Bb6 11. c4 Nbd7 12. O-O Ne5 13. Qc2 c5 14. Nc3 a6
15. Bf4 Bc7 16. Bg3 b6 17. Rfe1 Bd6 18. Rad1 Qc7 19. Bf1 g6 20. h3 Bf5 21. Qd2
Ned7 22. Bxd6 Qxd6 23. Rxe8+ Rxe8 24. Re1 Rxe1 25. Qxe1 Qe5 26. Qxe5 Nxe5 27.
f4 Ned7 28. g4 Bc2 29. Na1 Be4 30. g5 Bxd5 31. cxd5 Nh5 32. Ne2 b5 33. Nc2 Ng7
34. Ne3 Ne8 35. Nc3 Nd6 36. Bg2 Nb6 37. Ne4 Nxe4 38. Bxe4 Nc8 39. Kf2 Nd6 40.
Kf3 Kf8 41. Bc2 Ke7 42. f5 c4 43. f6+ Kd7 44. Kf4 Nb7 45. Ke5 Nc5 46. Kd4 Kd6
47. Ng4 b4 48. Ne5 Nb3+ 49. axb3 cxb3 50. Bxb3 a5 51. Nxf7+ Kd7 52. Ba4+ Kc7
53. d6+ Kb6 54. d7 b3 55. d8=Q+ Kb7 56. Qd7+ Ka6 57. Bb5+ Kb6 58. Qc6+ {
Time forfeit} 1-0

[Event "Rated Blitz game"]
[Site "?"]
[Date "2021.04.27"]
[Round "?"]
[White "desx"]
[Black "KamranShirazi"]
[Result "0-1"]
[WhiteElo "2364"]
[BlackElo "2536"]
[PlyCount "34"]
[EventDate "2021.??.??"]
[EventType "blitz"]

1. e4 e5 2. Nf3 d5 3. d4 dxe4 4. Nxe5 Nd7 5. Bf4 Nxe5 6. Bxe5 Nf6 7. Bc4 Bd6 8.
Nc3 Bf5 9. O-O O-O 10. Qe2 Re8 11. Bxd6 Qxd6 12. Rad1 Bg4 13. f3 exf3 14. Bxf7+
Kxf7 15. Qc4+ Be6 16. d5 Bg4 17. h3 f2+ {Normal} 0-1

[Event "Rated Blitz game"]
[Site "?"]
[Date "2021.04.27"]
[Round "?"]
[White "Nimzo06"]
[Black "GrandeGila"]
[Result "0-1"]
[WhiteElo "2281"]
[BlackElo "2454"]
[PlyCount "39"]
[EventDate "2021.??.??"]
[EventType "blitz"]

1. e4 e5 2. Nf3 d5 3. exd5 e4 4. Qe2 Nf6 5. d3 Qxd5 6. Nbd2 Be7 7. dxe4 Qe6 8.
e5 Nfd7 9. Nc4 Nc6 10. Bf4 O-O 11. O-O-O Re8 12. g3 b5 13. Ne3 Bb7 14. Ng5 Qxa2
15. Qxb5 Rab8 16. Qc4 Qa1+ 17. Kd2 Bb4+ 18. c3 Qxb2+ 19. Nc2 Ndxe5 20. Qxb4 {
Normal} 0-1

[Event "Rated Blitz game"]
[Site "?"]
[Date "2021.04.27"]
[Round "?"]
[White "terrorboy"]
[Black "DarthZannah"]
[Result "0-1"]
[WhiteElo "2467"]
[BlackElo "2520"]
[PlyCount "80"]
[EventDate "2021.??.??"]
[EventType "blitz"]

1. e4 e5 2. Nf3 d5 3. Nxe5 dxe4 4. Nc3 Qd4 5. f4 Bc5 6. Qe2 f6 7. Nf3 Qd8 8.
Nxe4 Be7 9. d4 Nc6 10. c3 Bf5 11. Ng3 Bg6 12. Qb5 Qd7 13. Bc4 a6 14. Qa4 f5 15.
O-O Nf6 16. Qd1 b5 17. Bb3 Na5 18. Ne5 Qd6 19. Nxf5 Bxf5 20. Nf7 Qb6 21. Nxh8
Nxb3 22. Qxb3 Be6 23. Qd1 O-O-O 24. f5 Bd5 25. Ng6 hxg6 26. fxg6 Rh8 27. Bf4
Bd6 28. Qd2 Qc6 29. Be5 Bxe5 30. dxe5 Ng4 31. h3 Nxe5 32. Rad1 Be4 33. Qg5 Qc5+
34. Rd4 Nf3+ 35. Rxf3 Qxg5 36. Rxe4 Qxg6 37. Re7 Re8 38. Rxe8+ Qxe8 39. Rf2
Qe1+ 40. Kh2 Qxf2 {Normal} 0-1

[Event "Rated Blitz game"]
[Site "?"]
[Date "2021.04.27"]
[Round "?"]
[White "DaniellaQueen"]
[Black "KinzyabulatovRenat"]
[Result "1-0"]
[WhiteElo "2485"]
[BlackElo "2350"]
[PlyCount "93"]
[EventDate "2021.??.??"]
[EventType "blitz"]

1. e4 e5 2. Nf3 d5 3. Nxe5 Bd6 4. d4 dxe4 5. Nc4 Nf6 6. Be2 O-O 7. Bg5 Be7 8.
O-O Nc6 9. c3 Nd5 10. Bxe7 Qxe7 11. Ne3 Nf4 12. Bc4 Be6 13. Nd2 Rad8 14. Bxe6
Qxe6 15. Qb3 Qxb3 16. axb3 Rfe8 17. b4 a6 18. Rfd1 g6 19. Nb3 Nd3 20. Rd2 f5
21. Nc5 Nxc5 22. bxc5 Ne5 23. b4 f4 24. Nf1 Nc4 25. Re2 Kg7 26. Rae1 b6 27.
Rxe4 Rxe4 28. Rxe4 bxc5 29. Re7+ Kf6 30. Rxc7 Na3 31. Rxc5 Re8 32. f3 Re2 33.
Rc6+ Kf5 34. Rxa6 Nb1 35. g4+ Kg5 36. Ra7 h6 37. Ra5+ Kh4 38. Ra1 Nxc3 39. Rc1
Nd5 40. b5 Kh3 41. Rb1 Rg2+ 42. Kh1 Ne3 43. Nxe3 fxe3 44. b6 e2 45. Re1 Rxh2+
46. Kg1 Rg2+ 47. Kh1 {Time forfeit} 1-0

[Event "Rated Blitz game"]
[Site "?"]
[Date "2021.04.27"]
[Round "?"]
[White "ndmu_kingpin"]
[Black "annaly1979"]
[Result "1-0"]
[WhiteElo "2470"]
[BlackElo "2398"]
[PlyCount "195"]
[EventDate "2021.??.??"]
[EventType "blitz"]

1. e4 e5 2. Nf3 d5 3. Nxe5 Qe7 4. d4 f6 5. Nd3 Nc6 6. Nc3 dxe4 7. Nf4 f5 8. Bc4
Nf6 9. O-O a6 10. Ncd5 Nxd5 11. Nxd5 Qd8 12. Bf4 Bd6 13. Qh5+ g6 14. Qh6 Bxf4
15. Nxf4 Qf6 16. Nd5 Qxd4 17. Rad1 Qxc4 18. Nxc7+ Kf7 19. Nxa8 Be6 20. Nc7 Ne5
21. Nxe6 Qxe6 22. Rd4 Ng4 23. Qg5 h6 24. Qf4 Ne5 25. Rfd1 g5 26. Qg3 Re8 27.
Rd6 Qe7 28. Qb3+ Kg7 29. Rb6 Rd8 30. Rxd8 Qxd8 31. Rxb7+ Kg6 32. Qe6+ Kh5 33.
h3 Nf3+ 34. gxf3 Qd1+ 35. Kh2 Qxf3 36. Kg1 Qd1+ 37. Kh2 Qf3 38. Qb6 f4 39. Rg7
e3 40. Qg6+ Kh4 41. Qxh6+ Qh5 42. Qxh5+ Kxh5 43. fxe3 fxe3 44. Re7 g4 45. Rxe3
Kh4 46. hxg4 Kxg4 47. Rb3 a5 48. a4 Kf4 49. Rb5 Ke4 50. Rc5 Kd4 51. Rc7 Kd5 52.
b3 Kd6 53. Rc4 Kd5 54. Rc3 Ke5 55. Rc4 Kd5 56. Kg2 Ke5 57. Kf2 Kd5 58. Ke2 Ke5
59. Kd2 Kd5 60. Kc3 Kd6 61. Kd4 Ke6 62. Rc5 Kd6 63. Kc4 Kd7 64. Kb5 Kd6 65. Rc4
Kd5 66. Kxa5 Kd6 67. Kb6 Kd5 68. Kb7 Kd6 69. a5 Kd5 70. a6 Kd6 71. a7 Kd7 72.
a8=Q Kd6 73. Qa6+ Kd5 74. Qb5+ Kd6 75. Qc6+ Ke7 76. Qd5 Kf6 77. Re4 Kg7 78. Kc6
Kh8 79. Qd3 Kg7 80. b4 Kf6 81. Kc7 Kf5 82. Kc8 Kf6 83. b5 Kf5 84. b6 Kf6 85. b7
Kf5 86. b8=Q Kf6 87. Qb1 Kf5 88. Qbf1+ Kg5 89. Kd8 Kg6 90. c3 Kg7 91. c4 Kg6
92. c5 Kg7 93. c6 Kg8 94. c7 Kg7 95. c8=Q Kg8 96. Qcc2 Kg7 97. Qcg2+ Kh7 98.
Qdh3# {Normal} 1-0

[Event "Rated Blitz tournament IgCmWNIk"]
[Site "?"]
[Date "2021.04.27"]
[Round "?"]
[White "CARAPULCRA"]
[Black "Killerrhino"]
[Result "0-1"]
[WhiteElo "2282"]
[BlackElo "2406"]
[PlyCount "144"]
[EventDate "2021.??.??"]
[EventType "blitz"]

1. e4 e5 2. Nf3 d5 3. Nxe5 Bd6 4. d4 dxe4 5. Nc4 Nf6 6. Nc3 Nc6 7. Be3 O-O 8.
Be2 Bf5 9. O-O Be7 10. Qd2 Nd5 11. Nxd5 Qxd5 12. b3 Rad8 13. Rad1 Bg6 14. Nb2
Qd7 15. c4 f5 16. d5 Ne5 17. f4 exf3 18. Bxf3 Nxf3+ 19. gxf3 b6 20. Nd3 Bd6 21.
Bf4 Rde8 22. Rde1 Re7 23. Rxe7 Qxe7 24. Re1 Qf6 25. Bxd6 Qxd6 26. Re6 Qa3 27.
Nf4 Bf7 28. Re5 g6 29. h4 Qc5+ 30. Qe3 Qxe3+ 31. Rxe3 Kg7 32. Re7 Rc8 33. Ne6+
Kf6 34. Rxc7 Bxe6 35. Rxa7 Bf7 36. Ra6 Rb8 37. f4 Ke7 38. Kf2 Kd6 39. Ke3 Kc5
40. Kd3 Rb7 41. Kc3 h6 42. b4+ Kd6 43. Kd4 Re7 44. Rxb6+ Kc7 45. Kc5 Re4 46.
Ra6 Be8 47. Ra7+ Kc8 48. b5 Rxf4 49. Re7 Kd8 50. d6 Rf2 51. a4 Ra2 52. Kb4 f4
53. b6 Rb2+ 54. Kc5 f3 55. Re3 f2 56. Rf3 Bxa4 57. b7 Rxb7 58. Rxf2 Rg7 59. Rf6
g5 60. hxg5 hxg5 61. Kd5 g4 62. c5 g3 63. Rf1 g2 64. Rg1 Kd7 65. Ke4 Bc6+ 66.
Ke5 Rh7 67. Kf4 Rh1 68. Rxg2 Bxg2 69. Ke3 Bc6 70. Ke2 Rc1 71. Kd3 Rxc5 72. Kd4
Kxd6 {Normal} 0-1

[Event "Rated Blitz game"]
[Site "?"]
[Date "2021.04.27"]
[Round "?"]
[White "Arencibia"]
[Black "AsianLion"]
[Result "1-0"]
[WhiteElo "2549"]
[BlackElo "2600"]
[PlyCount "75"]
[EventDate "2021.??.??"]
[EventType "blitz"]

1. e4 e5 2. Nf3 d5 3. Nxe5 Bd6 4. d4 dxe4 5. Nc4 Nf6 6. Nc3 Bb4 7. Bg5 h6 8.
Bh4 Nc6 9. a3 Be7 10. d5 Nxd5 11. Bxe7 Ncxe7 12. Nxe4 O-O 13. Qf3 c6 14. O-O-O
Ng6 15. Bd3 b5 16. Ne3 Ndf4 17. Bxb5 Qb6 18. Ba4 Be6 19. Nd6 Rab8 20. Nec4 Qc5
21. b4 Qg5 22. Kb1 Bd5 23. Qg3 Qf6 24. Rhe1 Rfd8 25. Qe3 a5 26. Qd4 axb4 27.
Qxf6 bxa3+ 28. Ka1 gxf6 29. Bb3 Ne5 30. Nxe5 fxe5 31. Nf5 Bxb3 32. Rxd8+ Rxd8
33. cxb3 Rd2 34. Ne7+ Kf8 35. Nxc6 Nd3 36. Rb1 Rxf2 37. b4 e4 38. b5 {Time
forfeit} 1-0

[Event "Rated Blitz game"]
[Site "?"]
[Date "2021.04.27"]
[Round "?"]
[White "Woodtree"]
[Black "AsianLion"]
[Result "0-1"]
[WhiteElo "2577"]
[BlackElo "2551"]
[PlyCount "54"]
[EventDate "2021.??.??"]
[EventType "blitz"]

1. e4 e5 2. Nf3 d5 3. exd5 Bd6 4. Bc4 Nf6 5. O-O e4 6. Qe2 O-O 7. Nd4 Bxh2+ 8.
Kxh2 Ng4+ 9. Kg3 Qd6+ 10. f4 Qh6 11. Qxe4 Nd7 12. Kf3 Ndf6 13. Qd3 Nh2+ 14. Kf2
Qxf4+ 15. Nf3 Nfg4+ 16. Kg1 Nxf3+ 17. Rxf3 Qh2+ 18. Kf1 Qh1+ 19. Ke2 Re8+ 20.
Re3 Qxg2+ 21. Ke1 Qf2+ 22. Kd1 Nxe3+ 23. dxe3 Bg4+ 24. Qe2 Bxe2+ 25. Bxe2 Qg1+
26. Kd2 Qxe3+ 27. Kd1 Qxe2# {Normal} 0-1

[Event "Rated Blitz tournament idhjlHZF"]
[Site "?"]
[Date "2021.04.27"]
[Round "?"]
[White "LuukDeGrote"]
[Black "ChessMeraki"]
[Result "1-0"]
[WhiteElo "2519"]
[BlackElo "2347"]
[PlyCount "127"]
[EventDate "2021.??.??"]
[EventType "blitz"]

1. e4 e5 2. Nf3 d5 3. Nxe5 dxe4 4. Bc4 Qg5 5. d4 Qxg2 6. Rf1 Bh3 7. Nxf7 Nc6 8.
Qh5 Nf6 9. Qb5 Bb4+ 10. c3 O-O 11. Ng5+ Kh8 12. Nxh3 Qxh3 13. Be3 Ng4 14. cxb4
Nxe3 15. fxe3 Qxe3+ 16. Kd1 Nxd4 17. Qxb7 Rxf1+ 18. Bxf1 Rd8 19. Qxc7 Ne6+ 20.
Qxd8+ Nxd8 21. Nd2 Qd4 22. Kc2 e3 23. Nb3 Qxb4 24. Rd1 Nf7 25. Bd3 g6 26. a3
Qf4 27. Re1 Qc7+ 28. Kb1 Qf4 29. Re2 Ne5 30. Bc2 Qf1+ 31. Nc1 Qf4 32. Ka2 Kg7
33. Nd3 Qd4 34. Nxe5 Qxe5 35. Kb3 Qd5+ 36. Kc3 Qe5+ 37. Kd3 Qf5+ 38. Kxe3 Qg5+
39. Kd3 Kh6 40. Re3 Qf5+ 41. Kd2 Qf2+ 42. Re2 Qf4+ 43. Ke1 Qd6 44. Bd1 Qf4 45.
h3 Qg3+ 46. Kd2 Qc7 47. Ke1 Qa5+ 48. Rd2 Qa6 49. Re2 Qb6 50. Kf1 Qa5 51. Kf2
Qa6 52. Ke1 Qb6 53. Bc2 Qa6 54. Bd3 Qb7 55. Be4 Qc6 56. Bxc6 g5 57. Bf3 Kg6 58.
Bg4 Kf6 59. Re6+ Kf7 60. Kf2 Kf8 61. Ke3 h5 62. Ke4 hxg4 63. hxg4 Kf7 64. Re5 {
Time forfeit} 1-0

[Event "Rated Blitz tournament u5esGaGc"]
[Site "?"]
[Date "2021.04.27"]
[Round "?"]
[White "Kandaga_Bratawijaya"]
[Black "om_gendut"]
[Result "0-1"]
[WhiteElo "2357"]
[BlackElo "2477"]
[PlyCount "172"]
[EventDate "2021.??.??"]
[EventType "blitz"]

1. e4 e5 2. Nf3 d5 3. Nxe5 Bd6 4. d4 dxe4 5. Nc4 Be7 6. Be2 Nf6 7. Nc3 O-O 8.
O-O Bf5 9. Ne3 Bg6 10. a3 Nc6 11. b4 Qxd4 12. Qxd4 Nxd4 13. Bd1 Rad8 14. Nc4 c6
15. Be3 Rfe8 16. Na5 Nb5 17. Nxb5 cxb5 18. Nxb7 Rd7 19. Nc5 Bxc5 20. Bxc5 Nd5
21. h4 h6 22. h5 Bh7 23. a4 a6 24. axb5 axb5 25. Bg4 f5 26. Be2 Nc3 27. Rfe1
Kh8 28. Bf1 Rb8 29. Ra3 Nd5 30. c4 bxc4 31. Bxc4 Bg8 32. Bxd5 Bxd5 33. g3 Bf7
34. g4 fxg4 35. Rxe4 Bxh5 36. Re5 Bf7 37. Rg3 h5 38. Rge3 Kh7 39. Re7 Rbb7 40.
Rxd7 Rxd7 41. b5 Bd5 42. b6 Bf3 43. Re1 h4 44. Be7 h3 45. Kh2 Kg6 46. Bh4 Kh5
47. Bg3 Rd2 48. Rb1 Rd7 49. Rb5+ g5 50. Rb1 Be4 51. Re1 Bf3 52. Rb1 Kg6 53. Bc7
Rd2 54. Bg3 Kf5 55. b7 Bxb7 56. Rxb7 Rd5 57. Rb4 Ra5 58. Rc4 Rd5 59. Bc7 Kg6
60. Rc6+ Kh5 61. Bg3 Rd2 62. Re6 Rd5 63. Re4 Rf5 64. Re5 Rf7 65. Rd5 Rf3 66.
Rd8 Kg6 67. Rh8 Rf7 68. Rg8+ Kf5 69. Rd8 Rb7 70. Rd4 Rb2 71. Rd5+ Kg6 72. Re5
Kh5 73. Re6 Rb3 74. Re8 Rf3 75. Rh8+ Kg6 76. Rg8+ Kh6 77. Re8 Kg7 78. Re6 Rf7
79. Re5 Kf6 80. Re6+ Kxe6 81. Kg1 Kf5 82. Kh2 Ke4 83. Kg1 Kf3 84. Kh2 Rd7 85.
Kg1 Rd1+ 86. Kh2 Rf1 {Time forfeit} 0-1

[Event "Rated Blitz game"]
[Site "?"]
[Date "2021.04.27"]
[Round "?"]
[White "Kikbotoski"]
[Black "annaly1979"]
[Result "0-1"]
[WhiteElo "2318"]
[BlackElo "2421"]
[PlyCount "30"]
[EventDate "2021.??.??"]
[EventType "blitz"]

1. e4 e5 2. Nf3 d5 3. exd5 e4 4. Qe2 f5 5. d3 Nf6 6. Nc3 Bb4 7. Bg5 Bxc3+ 8.
bxc3 O-O 9. dxe4 fxe4 10. Nd4 c5 11. dxc6 Nxc6 12. Qc4+ Kh8 13. Ne6 Bxe6 14.
Qxe6 Qa5 15. Qb3 Qxg5 {Normal} 0-1

[Event "Rated Rapid game"]
[Site "?"]
[Date "2021.04.27"]
[Round "?"]
[White "yeyey27"]
[Black "knife_fork"]
[Result "0-1"]
[WhiteElo "2244"]
[BlackElo "2421"]
[PlyCount "52"]
[EventDate "2021.??.??"]
[EventType "rapid"]

1. e4 e5 2. Nf3 d5 3. exd5 e4 4. Ne5 Qxd5 5. d4 exd3 6. Nxd3 Nf6 7. Nc3 Qe6+ 8.
Be2 Bd6 9. O-O a6 10. Bf3 O-O 11. Nf4 Qf5 12. Nfd5 Nc6 13. Ne3 Qg6 14. Re1 Be6
15. g3 Rad8 16. Qd3 Ne5 17. Qe2 Nxf3+ 18. Qxf3 b6 19. b3 Bb4 20. Bb2 Ng4 21.
Red1 Nxe3 22. Qxe3 Qxc2 23. Rxd8 Rxd8 24. Qc1 Rd2 25. Qxc2 Rxc2 26. Rd1 Rxb2 {
Normal} 0-1

[Event "Rated Blitz tournament IgCmWNIk"]
[Site "?"]
[Date "2021.04.27"]
[Round "?"]
[White "jorgedj2003"]
[Black "Killerrhino"]
[Result "1-0"]
[WhiteElo "2366"]
[BlackElo "2424"]
[PlyCount "113"]
[EventDate "2021.??.??"]
[EventType "blitz"]

1. e4 e5 2. Nf3 d5 3. Nxe5 Bd6 4. d4 dxe4 5. Bc4 Bxe5 6. Qh5 Qe7 7. Qxe5 Qxe5
8. dxe5 Nc6 9. Bb5 Bd7 10. Nc3 f5 11. exf6 Nxf6 12. O-O O-O-O 13. Be3 a6 14.
Be2 Nb4 15. Rac1 Bc6 16. a3 Nbd5 17. Nxd5 Nxd5 18. Bg5 Rde8 19. c4 Nf6 20. Be3
h6 21. b4 Bd7 22. b5 a5 23. c5 c6 24. Rfd1 Nd5 25. b6 Nxe3 26. fxe3 Rhf8 27.
Rd6 Be6 28. Rxe6 Rxe6 29. Bg4 Kd7 30. Rd1+ Ke7 31. Bxe6 Kxe6 32. Rd6+ Ke7 33.
Rg6 Kf7 34. Rd6 Ke7 35. Rd4 Rf5 36. Rxe4+ Kd7 37. Rc4 Ke6 38. e4 Rf4 39. g3 Rf3
40. Ra4 Re3 41. Kf2 Rc3 42. Rxa5 Rc2+ 43. Kf3 Rxh2 44. Ra7 Rc2 45. Rxb7 g6 46.
Rg7 Rxc5 47. b7 Rb5 48. a4 Rb3+ 49. Kf2 c5 50. a5 Kd6 51. a6 Kc6 52. Rxg6+ Kc7
53. Rg7+ Kc6 54. a7 Rb2+ 55. Kf3 Rxb7 56. a8=Q c4 57. Qxb7+ {Normal} 1-0

[Event "Rated Blitz tournament 0mUODDG5"]
[Site "?"]
[Date "2021.04.27"]
[Round "?"]
[White "MannySen"]
[Black "YSA_kbpl"]
[Result "1-0"]
[WhiteElo "2471"]
[BlackElo "2291"]
[PlyCount "93"]
[EventDate "2021.??.??"]
[EventType "blitz"]

1. e4 e5 2. Nf3 d5 3. exd5 e4 4. Qe2 Nf6 5. d3 Bb4+ 6. c3 O-O 7. dxe4 Bc5 8.
Qc4 Nxe4 9. Qxe4 Re8 10. Ne5 f6 11. Bf4 fxe5 12. Bg3 Qf6 13. Bd3 g6 14. Nd2 Bf5
15. Qc4 Bd6 16. Ne4 Bxe4 17. Bxe4 Nd7 18. O-O Nc5 19. f3 Nd7 20. Rae1 a6 21. a4
Rab8 22. Kh1 b5 23. Qc6 Nc5 24. axb5 axb5 25. b4 Na4 26. c4 Be7 27. Qxf6 Bxf6
28. c5 Nc3 29. Re3 Na2 30. Rb1 Ra8 31. d6 Ra4 32. d7 Rd8 33. c6 Nxb4 34. Reb3
Be7 35. Bxe5 Kf7 36. Bxc7 Ke6 37. Bxd8 Bxd8 38. Rxb4 Rxb4 39. Rxb4 Kd6 40. Rxb5
Bb6 41. Rxb6 Ke5 42. d8=Q Kf4 43. Qd6+ Ke3 44. Rb3+ Ke2 45. Qd3+ Ke1 46. Rb1+
Kf2 47. Rf1# {Normal} 1-0

[Event "Rated Blitz game"]
[Site "?"]
[Date "2021.04.27"]
[Round "?"]
[White "AmpleSquareControl"]
[Black "KamranShirazi"]
[Result "0-1"]
[WhiteElo "2466"]
[BlackElo "2512"]
[PlyCount "88"]
[EventDate "2021.??.??"]
[EventType "blitz"]

1. e4 e5 2. Nf3 d5 3. Nxe5 Bd6 4. d4 dxe4 5. Nc4 Be7 6. Nc3 f5 7. Be2 Nf6 8.
O-O O-O 9. f3 Nc6 10. Be3 f4 11. Bxf4 Qxd4+ 12. Be3 Qxd1 13. Raxd1 exf3 14.
Bxf3 Bg4 15. Nd5 Bxf3 16. Nxe7+ Nxe7 17. Rxf3 Nfd5 18. Rxf8+ Rxf8 19. Bc5 Rf7
20. Bxe7 Nxe7 21. Rd8+ Rf8 22. Rd7 Nf5 23. Rxc7 b5 24. Ne5 a6 25. h3 Ne3 26.
Nf3 h6 27. Kf2 Nd1+ 28. Ke2 Nxb2 29. Ra7 Rf6 30. Ke3 Rc6 31. Nd4 Rc3+ 32. Ke4
Rg3 33. Rxa6 Rxg2 34. Rb6 Nc4 35. Rb8+ Kh7 36. Kd5 Ne3+ 37. Kc5 Nxc2 38. Rxb5
Nxd4 39. Kxd4 Rxa2 40. Ke4 Ra3 41. Rh5 Kg6 42. Rh4 Ra4+ 43. Kf3 Rxh4 44. Kg3
Kh5 {Normal} 0-1

[Event "Rated Blitz game"]
[Site "?"]
[Date "2021.04.27"]
[Round "?"]
[White "WhisperingXylophone"]
[Black "annaly1979"]
[Result "1-0"]
[WhiteElo "2426"]
[BlackElo "2382"]
[PlyCount "59"]
[EventDate "2021.??.??"]
[EventType "blitz"]

1. e4 e5 2. Nf3 d5 3. Nxe5 Qe7 4. d4 f6 5. Nd3 Nc6 6. Be3 dxe4 7. Nf4 f5 8. Bc4
Nf6 9. Nc3 a6 10. O-O Qd8 11. f3 Bd6 12. fxe4 fxe4 13. Nh5 Bxh2+ 14. Kxh2 Ng4+
15. Qxg4 Bxg4 16. Nxg7+ Kd7 17. Rf7+ Kc8 18. Bf4 Bd7 19. Ne6 Bxe6 20. Bxe6+ Kb8
21. Bxc7+ Qxc7+ 22. Rxc7 Kxc7 23. d5 Nd4 24. Nxe4 Nxe6 25. dxe6 Rhe8 26. Rf1
Rxe6 27. Rf7+ Kb8 28. Nc5 Ra7 29. Nxe6 a5 30. Rf8# {Normal} 1-0